000 00755cam a2200205 a 4500
001 3091656
005 20250627105929.0
008 981221s1999 mau b 001 0 eng d
020 _a0738201065
050 0 0 _aHD2741
_b.E67 1999
100 1 _aEpstein, Marc J.
245 1 0 _aCounting what counts :
_bturning corporate accountability to competitive advantage /
_cMarc J. Epstein, Bill Birchard.
260 _aReading, Mass. :
_bPerseus Books,
_cc1999.
300 _axi, 307 p. ;
_c24 cm.
650 0 _aCorporate governance
_zUnited States.
650 0 _aSocial responsibility of business
_zUnited States.
700 1 _aBirchard, Bill.
856 4 2 _3Publisher description
_uhttp://www.loc.gov/catdir/enhancements/fy0832/98083197-d.html
942 _2lcc
_cBK
_n0
999 _c6730
_d6730